Somatológia I experimentálny učebný text pre stredné zdravotnícke školy

Bibliographic Details
Main Author: Dylevský, Ivan, 1940- (Author)
Other Authors: Kortman, Bohuslav (Translator)
Format: Book
Language:Slovak
PhysicalDescription:233 s. sch., tab. 29 cm
Published: Martin Osveta 1981
Edition:1. vyd.
Series:Experimentálne učebné texty pre stredné zdravotnícke školy
Subjects:

MARC

LEADER 00000cam a2200000 a 4500
001 vtls008764470
003 SK-MaSNL
005 20260302075137.0
008 250313s1981 xo a d 000 0 slo
015 |a SNBA1981 
035 |a POKPOH50070 
035 |a urn:nbn:sk:snk-aml49n 
035 |a urn:nbn:sk:snk-am008wvo 
035 |a 650BCD87-924A-40F7-A585-18AD306C5AE8 
040 |a SNK  |b slo  |c SNK  |e AACR2 
041 0 |a slo 
044 |a xo  |c SK 
080 |a 611.6(075.3)  |2 1981 
100 1 |a Dylevský, Ivan,  |d 1940-  |4 aut  |9 111337 
245 1 0 |a Somatológia I  |b experimentálny učebný text pre stredné zdravotnícke školy  |c Ivan Dylevský ; [z čes. orig.] prel. Bohuslav Kortman 
250 |a 1. vyd. 
260 |a Martin  |b Osveta  |c 1981 
300 |a 233 s.  |b sch., tab.  |c 29 cm 
366 |e 2500 výt. 
490 1 |a Experimentálne učebné texty pre stredné zdravotnícke školy 
650 0 7 |a somatológia  |2 SNKPH  |9 2595 
655 7 |a učebnice stredných škôl  |2 SNKPH  |9 69323 
700 1 |a Kortman, Bohuslav  |4 trl  |9 267555 
830 0 |a Experimentálne učebné texty pre stredné zdravotnícke školy  |9 439192 
852 |a Slovenská národná knižnica 
958 |a OND 
958 |a TL 
958 |a OP 
958 |a UC 
999 |c 1168068  |d 1169998 
952 |a SNK  |b SNK  |y VYP  |7 0  |p 17A0662620  |o snkSB 31301/1 D1  |i snkKSP 1203/81  |0 0  |1 0  |4 0  |d 2010-06-29  |l 0  |r 2026-02-24 20:54:25  |w 2026-02-24 
952 |a SNK  |b SNK  |y PREZ  |7 0  |p 17A0987937  |o snkSB 31301/1   |i snkKSP 1202/81  |0 0  |1 0  |4 0  |d 2012-07-30  |f 1  |l 0  |r 2025-04-07 00:00:00  |w 2026-02-24